Propuesta de implementación de un Sistema de Información Catastral de las propiedades administradas por el Seguro de Salud de la Caja Costarricense de Seguro Social
Guardat en:
| Autor principal: | |
|---|---|
| Altres autors: | |
| Format: | Llibre |
| Idioma: | Spanish |
| Publicat: |
[San José, Costa Rica]
2014
|
| Matèries: | |
| Etiquetes: |
Afegir etiqueta
Sense etiquetes, Sigues el primer a etiquetar aquest registre!
|
MARC
| LEADER | 00000nam a22000007a 4500 | ||
|---|---|---|---|
| 003 | 011886 | ||
| 005 | 20230807110032.0 | ||
| 008 | 150317b2014 cr a|||| |||| 00| 0 spa d | ||
| 040 | |c cru CEDI | ||
| 100 | |9 526 |a Jiménez Cordero, Steve | ||
| 245 | |a Propuesta de implementación de un Sistema de Información Catastral de las propiedades administradas por el Seguro de Salud de la Caja Costarricense de Seguro Social | ||
| 260 | |a [San José, Costa Rica] |c 2014 | ||
| 500 | |a Práctica dirigida (licenciatura en ingeniería topográfica)--Universidad de Costa Rica. Facultad de Ingeniería. Escuela de Ingeniería Topográfica | ||
| 501 | |a Director de Práctica Dirigida de Graduación: Ing. Juan Picado Salvatierra | ||
| 650 | |x CATASTRO - SISTEMAS DE INFORMACION GEOGRAFICA - COSTA RICA |x COSTA RICA - LEVANTAMIENTOS TOPOGRAFICOS |x SISTEMAS DE ALMACENAMIENTO Y RECUPERACION DE INFORMACION |x BIENES RAICES - ADMINISTRACION - COSTA RICA |x CAJA COSTARRICENSE DE SEGURO SOCIAL |9 527 | ||
| 700 | |9 1031 |a Picado Salvatierra, Juan Antonio, 1953- |d Director del TFG | ||
| 942 | |c CEDI |h TFG 7052 |6 TFG_7052_000000000000000 | ||
| 999 | |c 13733 |d 13733 | ||
